000 00485nam a2200229Ia 4500
001 086022
003 YMCAF
005 20230512161537.0
008 100717s2003 ||||||||||||||||| ||und|d
024 _a86022
035 _a25481
040 _aYMCAF
_beng
_cIN-KoLT
041 _aeng
082 _a006.7
_bVAU
100 _aVaughan, Tay
245 0 _aMultimedia working it work
250 _a5th
260 _bTMH
_c2003
300 _a525
500 _aWith CD
942 _2ddc
_cBK
999 _c9093
_d9093